000 01192nac a22003131i 4500
003 EG-ScBUE
005 20250727095929.0
008 250714t2002 njua f b 001 0 eng d
020 _a0130179604
020 _a9780130179609
040 _aEG-ScBUE
_beng
_erda
_cEG-ScBUE
_dEG-ScBUE
082 0 4 _a541.02457
_bPHY
_222
245 0 0 _aPhysical chemistry :
_bprinciples and applications in biological sciences /
_cIgnacio Tinoco, Jr., University of California, Berkeley, [and three others]
250 _aFourth edition.
264 1 _aUpper Saddle River, New Jersey :
_bPearson/Prentice Hall,
_c[2002]
264 4 _cc2002
300 _axix, 740 pages :
_billustrations ;
_c27 cm
336 _2rdacontent
_atext
_btxt
337 _aunmediated
_2rdamedia
_bn
338 _avolume
_bnc
_2rdacarrier
500 _aRev. ed. of: Physical chemistry / Ignacio Tinoco, Jr., Kenneth Sauer, James C. Wang. 3rd ed. c1995.
500 _aIncludes Appendices.
504 _aIncludes bibliographical references and index.
650 7 _aBiochemistry.
_2BUEsh
650 7 _aChemistry, Physical and theoretical.
_2BUEsh
655 _vReading book
700 1 _aTinoco, Ignacio,
_eauthor.
942 _cBB
_2ddc
999 _c1592
_d1592